Mapa de Ríos del Reino Unido - Estadísticas

Estadísticas generales
  • Esta prueba ha sido intentada 15 veces
  • La puntuación promedio es 3 de 12
Respuestas en el mapa
Las respuestas están codificadas por una escala verde-roja en el mapa de la prueba según el % correcto abajo.
 
Estadísticas de respuestas
Respuesta % Correcto
Thames
83%
Aire
42%
Severn
33%
Tweed
33%
Bann
25%
Tyne
25%
Wye
25%
Clyde
17%
Spey
8%
Tay
8%
Trent
8%
Great Ouse
0%
No se encontraron pruebas coincidentes
Distribución de puntuación
Porcentaje de gente con cada puntuación
Porcentaje por número respondido
Historial de tus puntuaciones
No has intentado esta prueba.